Les styles anglais (Record no. 5359)
[ view plain ]
| 000 -CABECERA | |
|---|---|
| campo de control de longitud fija | 00818nam a2200253 a 4500 |
| 001 - NÚMERO DE CONTROL | |
| campo de control | BRCA_5666 |
| 005 - FECHA Y HORA DE LA ÚLTIMA TRANSACCIÓN | |
| campo de control | 20190320205156.0 |
| 008 - DATOS DE LONGITUD FIJA--INFORMACIÓN GENERAL | |
| campo de control de longitud fija | 220211t1947----fr-a######---#000-0#fre-# |
| 041 ## - CÓDIGO DE LENGUA | |
| Código de lengua del texto/banda sonora o título independiente | fre |
| 044 ## - CÓDIGO DEL PAÍS DE LA ENTIDAD EDITORA/PRODUCTORA | |
| Código MARC del país | fr |
| 050 #4 - SIGNATURA TOPOGRÁFICA DE LA BIBLIOTECA DEL CONGRESO | |
| Número de clasificación | NK1860 |
| Número de documento/Ítem | .G73 4 1947 |
| 100 1# - ENTRADA PRINCIPAL--NOMBRE DE PERSONA | |
| Nombre de persona | Devéche, André |
| 9 (RLIN) | 14397 |
| 245 10 - MENCIÓN DE TÍTULO | |
| Título | Les styles anglais |
| Resto del título | des origines a 1660 |
| Mención de responsabilidad, etc. | André Devéche. |
| 260 ## - PUBLICACIÓN, DISTRIBUCIÓN, ETC. | |
| Lugar de publicación, distribución, etc. | París |
| Nombre del editor, distribuidor, etc. | E. Flammarion |
| Fecha de publicación, distribución, etc. | 1947 |
| 300 ## - DESCRIPCIÓN FÍSICA | |
| Extensión | 62 p. |
| Otras características físicas | il., 43 láminas |
| Dimensiones | 22 cm. |
| 440 #0 - MENCIÓN DE SERIE/PUNTO DE ACCESO ADICIONAL--TÍTULO | |
| Título | La grammaire des styles |
| Designación de volumen o secuencia | 16 |
| 9 (RLIN) | 14398 |
| 500 ## - NOTA GENERAL | |
| Nota general | Ejemplar igual a U50 |
| 500 ## - NOTA GENERAL | |
| Nota general | Ver también F134 (v.6), F135 (v.7), F136 (v.8), F138 (v.5) y F139 (v.4). |
| 500 ## - NOTA GENERAL | |
| Nota general | F137 |
| 650 14 - PUNTO DE ACCESO ADICIONAL DE MATERIA--TÉRMINO DE MATERIA | |
| Término de materia o nombre geográfico como elemento de entrada | Decoración y ornamentación renacentista |
| Subdivisión geográfica | Inglaterra |
| 9 (RLIN) | 14399 |
| 650 14 - PUNTO DE ACCESO ADICIONAL DE MATERIA--TÉRMINO DE MATERIA | |
| Término de materia o nombre geográfico como elemento de entrada | Estilos de arte |
| Subdivisión cronológica | Siglo XV |
| Subdivisión geográfica | Inglaterra |
| 9 (RLIN) | 14400 |
| 902 ## - CATALOGADOR | |
| Iniciales | GFM |
| 942 ## - ELEMENTOS DE PUNTO DE ACCESO ADICIONAL (KOHA) | |
| Fuente del sistema de clasificación o colocación | Library of Congress Classification |
| Tipo de ítem Koha | Libros |
| Estado de retiro | Estado de pérdida | Estado dañado | No para préstamo | Localización permanente | Ubicación/localización actual | Fecha de adquisición | Número de inventario | Total de préstamos | Signatura topográfica completa | Código de barras | Fecha visto por última vez | Precio válido a partir de | Tipo de ítem Koha |
|---|---|---|---|---|---|---|---|---|---|---|---|---|---|
| El ejemplar forma parte de la colección y puede ser consultado según las políticas vigentes. | Biblioteca del Museo Franz Mayer (Rogerio Casas-Alatriste) | Biblioteca del Museo Franz Mayer (Rogerio Casas-Alatriste) | 17/02/2011 | F137 | NK1860 .G73 4 1947 (F137) | 6102 | 22/03/2019 | 22/03/2019 | Libros |